000 00516nam a2200181Ia 4500
003 GCL
008 140319s9999 xx 000 0 ara d
040 _aGCL /
_cGCL
082 0 4 _a818
_bى ح
100 1 _aيحيى حقى
245 1 0 _aحقيبة فى يد مسافر /
_cيحيى حقى
300 _a103 ص
490 _aكتاب اليوم
_v0
650 0 4 _aالرحلات فى الادب
650 0 4 _aيحيى حقى
650 0 4 _aالادب العربى - مقالات ومحاضرات
942 _2ddc
_cBK
999 _c40035
_d40035